| 000 | 00490nam a22001577a 4500 | ||
|---|---|---|---|
| 003 | macl | ||
| 005 | 20190807121628.0 | ||
| 008 | 190807b xxu||||| |||| 00| 0 eng d | ||
| 040 | _cmacl | ||
| 082 | _a891.431/MUL/P | ||
| 100 |
_aमुले ,ज्ञानेश्वर _976134 |
||
| 245 | _aऋतु उग रही है | ||
| 260 |
_aदिल्ली _bआलाेकपर्व प्रकाशन _c2018 |
||
| 650 |
_aकविता _976136 |
||
| 942 |
_2ddc _cHIN |
||
| 999 |
_c60667 _d60667 |
||